000
00261nam a2200097Ia 4500
082
_a
392.5 WILL
245
0
_a
Planning your wedding
100
_a
WILLIAMS, Christine London, 2003
_9
96575
942
_c
BK
008
210817s9999 xx 000 0 und d
999
_c
406252
_d
406251